Continuidad y cambio en la América Latina

Збережено в:
Бібліографічні деталі
Автор: Johnson, John J (Автор)
Формат: Книга
Мова:Іспанська
Опубліковано: Ciudad de México UTEHA 1967
Предмети:
Теги: Додати тег
Немає тегів, Будьте першим, хто поставить тег для цього запису!

MARC

LEADER 00000nam a2200000 a 4500
001 UCP5917
003 CL-VaPUC
008 991001e19670000MX |||||||||||||||||spa|d
082 0 4 |a 303.44  |b JOH  |2 21 
100 |a Johnson, John J  |e author  |9 509158 
245 1 0 |a Continuidad y cambio en la América Latina 
300 |a 280 p 
942 |c BK 
945 |d 19991001 00:00:00  |a crobeson 
260 |a Ciudad de México  |b UTEHA  |c 1967 
650 0 |a Cambio social   |9 256857 
650 0 |a Desarrollo cultural  |9 267526 
650 0 |a Desarrollo económico y social   |9 256320 
651 0 |a América Latina   |9 255027 
583 |a last modification  |c 20180327 01:10:02  |k Rodrigo Vera 
999 |c 283554  |d 283552 
952 |0 0  |1 0  |4 0  |6 303_440000000000000_JOH_1967  |7 0  |8 A  |9 326817  |a BIBHIS  |b BIBHIS  |d 2019-11-20  |i 1357972  |o 303.44 JOH 1967  |p 1357972  |r 2025-01-20  |w 2019-11-20  |y BK  |k HIS